000 00478nmm a2200169Ia 4500
008 251105s9999||||xx |||||||||||||||||und||
020 _a8470306499
041 _aspa
100 _aJiménez, Juan Ramón
245 0 _aAntolojía poética
264 _a[Madrid, España] :
_bBiblioteca Nueva,
_c1999
300 _a304 páginas
490 _aClásicos de Biblioteca Nueva
650 _aSpanish poetry
856 _uhttps://public.digitaliapublishing.com/a/4561
942 _cCF
999 _c73139
_d73139